Sabana inundable y ganadería, opción productiva de conservación en la Orinoquía. (Registro nro. 17579)

Detalles MARC
000 -CABECERA
Campo de control 01012nam a22002657a 4500
005 - FECHA Y HORA DE LA ULTIMA TRANSACCION
Campo de control 20150710161427.0
008 - ELEMENTOS DE LONGITUD FIJA—INFORMACION GENERAL
Campo de control 141015s2010 ck r 00010 spa d
020 ## - ISBN
ISBN 9789589986516
040 ## - FUENTE DE CATALOGACIÓN
Agencia catalogadora original Co-BoIAvH
Agencia transcriptora Co-BoIAvH
Agencia Modificadora Co-BoIAvH
041 ## - IDIOMA
Código de idioma para texto/pista de sonido o título separado Español
044 ## - PAÍS DE PUBLICACIÓN
País de publicación Colombia
082 04 - NUMERO DE CLASIFICACION DECIMAL DEWEY
Número de clasificación 354.56
Número del ítem S11s
245 13 - MENCION DE TITULO
Título Sabana inundable y ganadería, opción productiva de conservación en la Orinoquía.
260 ## - PUBLICACION, DISTRIBUCION, ETC. (PIE DE IMPRENTA)
Lugar de publicación, distribución, etc. Bogotá:
Nombre del editor, distribuidor, etc. GEF,
-- PNUD,
Fecha de publicación, distribución, etc. 2014.
300 ## - DESCRIPCION FISICA
Extensión 230 p.
490 ## - MENCION DE SERIE
Mención de serie Conservación de la biodiversidad en predios productivos
Designación numérica/secuencial del volumen 3
650 #4 - ASIENTO SECUNDARIO DE MATERIA - TERMINO TEMATICO
Término temático o nombre geográfico como elemento de entrada Ganadería
Subdivisión geográfica Orinoquía (Región, Colombia)
9 (RLIN) 35716
650 #4 - ASIENTO SECUNDARIO DE MATERIA - TERMINO TEMATICO
Término temático o nombre geográfico como elemento de entrada Sabanas inundables
Subdivisión geográfica Orinoquía (Región, Colombia)
9 (RLIN) 35717
650 #4 - ASIENTO SECUNDARIO DE MATERIA - TERMINO TEMATICO
Término temático o nombre geográfico como elemento de entrada Reservas ecológicas
Subdivisión geográfica Orinoquía (Región, Colombia)
9 (RLIN) 35718
650 #4 - ASIENTO SECUNDARIO DE MATERIA - TERMINO TEMATICO
Término temático o nombre geográfico como elemento de entrada Ecosistemas
Subdivisión geográfica Orinoquía (Región, Colombia)
9 (RLIN) 35719
650 #4 - ASIENTO SECUNDARIO DE MATERIA - TERMINO TEMATICO
Término temático o nombre geográfico como elemento de entrada Biodiversidad
Subdivisión cronológica Orinoquía (Región, Colombia)
9 (RLIN) 35720
700 1# - ASIENTO SECUNDARIO - NOMBRE PERSONAL
Nombre personal Peñuela-Recio, Lourdes
Término de relación editora
9 (RLIN) 832
700 1# - ASIENTO SECUNDARIO - NOMBRE PERSONAL
Nombre personal Solano, Clara
Término de relación editora
9 (RLIN) 35705
942 ## - ELEMENTOS ADICIONALES (KOHA)
Sistema de clasificación Dewey Decimal Classification
Tipo de ítem Libro
Existencias
Withdrawn status Lost status Sistema de Clasificación Damaged status No para préstamo Colección Inventariado Ubicación Permanente Ubicación actual Fecha de adquisición Fuente de Valor Valor Total Checkouts Número topográfico Inventario / Código de Barras Date last seen Ejemplar Price effective from Forma de adquisición Tipo de material
    Dewey Decimal Classification     General Inventariado 2017 Bogotá Bogotá 10/07/2015 Instituto 39000.00   LB-354.56 S11s 042103 10/07/2015 Ej. 1 10/07/2015   Libro